[Event "AUT2o-chT"]
[Site "Eichgraben"]
[Date "2000.10.21"]
[Round "1.1.1"]
[White "Plachetka, Jan"]
[Black "Videki, Sandor"]
[Result "1-0"]
[WhiteElo "2373"]
[BlackElo "2404"]
[PlyCount "71"]
[EventDate "2000.10.21"]

1. d4 d5 2. c4 c6 3. Nf3 Nf6 4. Nc3 dxc4 5. a4 Na6 6. e3 Bg4 7. Bxc4 e6 8. O-O
Nb4 9. h3 Bh5 10. Be2 Be7 11. Ne5 Bxe2 12. Qxe2 O-O 13. Rd1 Nd7 14. Nc4 Qc7 15.
e4 Rac8 16. b3 c5 17. d5 exd5 18. exd5 Bf6 19. Nb5 Qb8 20. Bb2 Rcd8 21. d6 Nc6
22. Rd5 Rfe8 23. Qd2 b6 24. Nc7 Re4 25. Bxf6 Nxf6 26. Rg5 h6 27. Rf5 Qc8 28.
Rxf6 Rd4 29. Qe3 gxf6 30. Nb5 Rd5 31. Re1 Qf5 32. g4 Qg5 33. Qe4 Na5 34. h4
Nxc4 35. hxg5 Re5 36. bxc4 1-0

[Event "AUT2o-chT"]
[Site "Eichgraben"]
[Date "2000.10.21"]
[Round "1.2.2"]
[White "Neumeier, Klaus"]
[Black "Rogetzer, Klaus"]
[Result "1-0"]
[WhiteElo "2306"]
[BlackElo "2213"]
[PlyCount "57"]
[EventDate "2000.10.21"]

1. e4 g6 2. d4 Bg7 3. Nc3 d5 4. exd5 Nf6 5. Bc4 Nbd7 6. Bb3 Nb6 7. Qf3 Bg4 8.
Qd3 O-O 9. h3 Bf5 10. Qf3 a5 11. a4 Rc8 12. Nge2 c6 13. dxc6 Rxc6 14. O-O Nc4
15. d5 Rc8 16. Nd4 Bd7 17. Qd3 Qc7 18. Ndb5 Qc5 19. Re1 Bf5 20. Qxc4 Qxc4 21.
Bxc4 Rxc4 22. Rxe7 Ne4 23. Nxe4 Rxe4 24. d6 Be6 25. Be3 Bxb2 26. Rd1 Rd8 27. d7
Bf6 28. Re8+ Kg7 29. Bd4 1-0

[Event "AUT2o-chT"]
[Site "Eichgraben"]
[Date "2000.10.21"]
[Round "1.4.4"]
[White "Wandl, Werner"]
[Black "Steiner, Johann"]
[Result "1/2-1/2"]
[WhiteElo "2162"]
[BlackElo "2112"]
[PlyCount "129"]
[EventDate "2000.10.21"]

1. e4 d5 2. exd5 Qxd5 3. Nc3 Qa5 4. d4 Nf6 5. Nf3 Bg4 6. h3 Bxf3 7. Qxf3 c6 8.
Bc4 e6 9. O-O Bd6 10. Ne4 Nxe4 11. Qxe4 O-O 12. Bxe6 Re8 13. Qf5 Qxf5 14. Bxf5
Na6 15. c3 Nc7 16. Bd2 Re2 17. Rad1 Nd5 18. Rfe1 Rae8 19. Kf1 R2e7 20. Rxe7
Nxe7 21. Re1 Rd8 22. Bc2 h6 23. Re4 Kf8 24. Bb3 c5 25. d5 b5 26. c4 bxc4 27.
Bxc4 Bc7 28. Be3 Bb6 29. Re5 Rd6 30. a4 a5 31. Bf4 Ng6 32. Re8+ Kxe8 33. Bxd6
Kd7 34. Bb8 f6 35. Bb5+ Ke7 36. Ke2 Ne5 37. f4 Nf7 38. Kf3 Nd6 39. Kg4 Nxb5 40.
axb5 c4 41. f5 Bd4 42. Bf4 a4 43. Kf3 Bxb2 44. b6 Bd4 45. b7 Ba7 46. b8=Q Bxb8
47. Bxb8 c3 48. Ba7 Kd6 49. Bd4 c2 50. Bb2 Kxd5 51. Ke3 Kc4 52. Kd2 Kb3 53. Kc1
h5 54. g3 a3 55. Ba1 Ka2 56. Bc3 Kb3 57. Ba1 Ka2 58. Bd4 Kb3 59. g4 hxg4 60.
hxg4 Kc4 61. Be3 Kd3 62. Bf4 Ke4 63. Bd2 Kf3 64. g5 fxg5 65. Bxg5 1/2-1/2

[Event "AUT2o-chT"]
[Site "Eichgraben"]
[Date "2000.10.21"]
[Round "1.7.1"]
[White "Wirius, Stefan"]
[Black "Kummer, Helmut"]
[Result "1/2-1/2"]
[WhiteElo "2327"]
[BlackElo "2390"]
[PlyCount "57"]
[EventDate "2000.10.21"]

1. c4 Nf6 2. g3 e5 3. Bg2 Bc5 4. Nc3 O-O 5. e3 c6 6. Nge2 d5 7. cxd5 cxd5 8. d4
exd4 9. exd4 Bb4 10. O-O h6 11. Qb3 Bxc3 12. Nxc3 Nc6 13. Nxd5 Nxd5 14. Bxd5
Nxd4 15. Qc4 Be6 16. Bxe6 Nxe6 17. Be3 Qa5 18. a4 Qf5 19. Rfd1 Rfd8 20. Rxd8+
Rxd8 21. Bxa7 Rd2 22. Qc8+ Kh7 23. Qxb7 Ng5 24. Be3 Nf3+ 25. Kg2 Nh4+ 26. gxh4
Qg4+ 27. Kh1 Rd1+ 28. Rxd1 Qxd1+ 29. Kg2 1/2-1/2

[Event "AUT2o-chT"]
[Site "Eichgraben"]
[Date "2000.10.21"]
[Round "1.8.2"]
[White "Sandhu, Mario"]
[Black "Maly, Martin"]
[Result "1-0"]
[WhiteElo "2285"]
[BlackElo "2169"]
[PlyCount "93"]
[EventDate "2000.10.21"]

1. e4 e5 2. Nf3 Nc6 3. Bb5 g6 4. c3 d6 5. d4 Bd7 6. Bg5 Be7 7. h4 h6 8. Bd2 f5
9. exf5 e4 10. fxg6 Bf6 11. Ng1 Qe7 12. h5 O-O-O 13. Nh3 Bh4 14. Be3 Nf6 15.
Nf4 Ng4 16. O-O Bg3 17. fxg3 Nxe3 18. Qe2 Nxf1 19. Qxf1 Qg5 20. Kh2 e3 21. Na3
Rde8 22. Re1 Re7 23. Nc2 Rhe8 24. Be2 Bf5 25. Na3 Bg4 26. Bxg4+ Qxg4 27. Qf3
Qg5 28. Nc4 Re4 29. Rxe3 d5 30. Rxe4 dxe4 31. Qe2 Kb8 32. Ne3 Ne7 33. Qg4 Qxg4
34. Nxg4 Nf5 35. Nf6 Re7 36. g4 Ne3 37. Kg3 Nd1 38. N6d5 Rd7 39. Nf6 Re7 40. g5
hxg5 41. Ne2 Ne3 42. h6 Nf5+ 43. Kg4 Nxh6+ 44. Kxg5 Nf7+ 45. gxf7 Rxf7 46. g4
e3 47. Kf5 1-0

[Event "AUT2o-chT"]
[Site "Eichgraben"]
[Date "2000.10.21"]
[Round "1.9.3"]
[White "Wirius, Johannes"]
[Black "Pingitzer, Harald"]
[Result "0-1"]
[WhiteElo "2239"]
[BlackElo "2278"]
[PlyCount "120"]
[EventDate "2000.10.21"]

1. c4 c6 2. Nf3 d5 3. b3 Nf6 4. Bb2 Bf5 5. d3 e6 6. Nbd2 Nbd7 7. g3 Bd6 8. Bg2
O-O 9. O-O h6 10. Rc1 Qe7 11. Re1 Ba3 12. Qc2 Rfd8 13. Nd4 Bh7 14. Bh3 Ne5 15.
c5 Bxb2 16. Qxb2 Neg4 17. f3 Ne3 18. Nf1 Nxf1 19. Rxf1 e5 20. Nf5 Bxf5 21. Bxf5
d4 22. Be4 g6 23. b4 Nh5 24. b5 Rac8 25. bxc6 bxc6 26. Qb3 Kg7 27. Kh1 Qd7 28.
Rg1 Kh7 29. f4 exf4 30. Rcf1 Rb8 31. Qc4 f5 32. Bf3 fxg3 33. Bxh5 gxh5 34. Rxg3
Qd5+ 35. Rgf3 Rb2 36. Qxd5 Rxd5 37. Rxf5 Rxf5 38. Rxf5 Rxa2 39. Rf6 Rxe2 40.
Rxc6 Rc2 41. Rc7+ Kg6 42. Rxa7 Kf5 43. Rd7 Ke5 44. Re7+ Kf4 45. Re6 Kf3 46.
Rf6+ Ke3 47. c6 h4 48. Rxh6 h3 49. Re6+ Kxd3 50. Kg1 Rg2+ 51. Kf1 Rxh2 52. Rh6
Rh1+ 53. Kf2 Kd2 54. Kf3 d3 55. Ke4 Ke2 56. c7 Rc1 57. Rxh3 Rc4+ 58. Kd5 Rxc7
59. Rh2+ Ke3 60. Rh3+ Kd2 0-1

[Event "AUT2o-chT"]
[Site "Eichgraben"]
[Date "2000.10.21"]
[Round "1.10.4"]
[White "Holzer, Gerhard"]
[Black "Kuthan, Andreas"]
[Result "0-1"]
[WhiteElo "2287"]
[BlackElo "2192"]
[PlyCount "44"]
[EventDate "2000.10.21"]

1. e4 e6 2. Nc3 d5 3. Nf3 Nf6 4. exd5 exd5 5. d3 Be7 6. Be2 O-O 7. O-O c5 8.
Bf4 Nc6 9. h3 Bf5 10. g4 d4 11. Nb1 Nd5 12. Bg3 Bg6 13. Nbd2 Bd6 14. Bxd6 Qxd6
15. Re1 f5 16. Nc4 Qf4 17. g5 Bh5 18. Qd2 Rae8 19. Bd1 Bxf3 20. Rxe8 Rxe8 21.
Qxf4 Re1+ 22. Kh2 Nxf4 0-1

[Event "AUT2o-chT"]
[Site "Eichgraben"]
[Date "2000.10.21"]
[Round "1.11.5"]
[White "Vitouch, Anatol"]
[Black "Schwab, Rene"]
[Result "0-1"]
[WhiteElo "2084"]
[BlackElo "2277"]
[PlyCount "100"]
[EventDate "2000.10.21"]

1. Nf3 c6 2. c4 b5 3. b3 Nf6 4. Bb2 d6 5. g3 Qb6 6. Qc2 bxc4 7. bxc4 Na6 8. Bg2
Bf5 9. d3 Rb8 10. Bc3 Nb4 11. Qb3 c5 12. Nbd2 Qc7 13. Qa4+ Bd7 14. Qd1 e5 15.
O-O Be7 16. a3 Nc6 17. Qc2 O-O 18. e3 Rfc8 19. Rab1 h6 20. Rfc1 Bf5 21. Nh4 Bh7
22. Bxc6 Qxc6 23. e4 Qd7 24. Ng2 Nh5 25. Ne3 Bg5 26. Ndf1 f5 27. exf5 Bxf5 28.
Rxb8 Rxb8 29. Rb1 Rf8 30. Qe2 Bg6 31. Nd2 Bxe3 32. fxe3 Qa4 33. Rb3 Kh7 34. e4
Nf6 35. h3 Bf7 36. Bb2 Qd7 37. Kh2 Bh5 38. Qg2 Bd1 39. Rc3 Qf7 40. Rc1 Qh5 41.
Kg1 Rb8 42. Ba1 Ba4 43. Nf1 Rb3 44. Bc3 Bd7 45. g4 Qg6 46. Ne3 Qg5 47. Qf2 Rxa3
48. Rc2 Rb3 49. Nf5 Bxf5 50. Bd2 Nxg4 0-1

[Event "AUT2o-chT"]
[Site "Eichgraben"]
[Date "2000.10.21"]
[Round "1.12.6"]
[White "Schuh, Franz"]
[Black "Descovich, Nicolai"]
[Result "1-0"]
[WhiteElo "2256"]
[BlackElo "2053"]
[PlyCount "51"]
[EventDate "2000.10.21"]

1. e4 d6 2. d4 Nf6 3. Nc3 g6 4. h3 Bg7 5. Be3 O-O 6. f4 c6 7. Qd2 Nbd7 8. g4 e5
9. dxe5 dxe5 10. f5 b5 11. Bd3 gxf5 12. gxf5 b4 13. Nd1 c5 14. Nf2 Bb7 15. b3
Qb6 16. Nf3 Rad8 17. Qe2 Nh5 18. Rg1 Kh8 19. Ng5 Nf4 20. Qg4 Qh6 21. O-O-O Ba6
22. Kb1 Bxd3 23. Nxd3 Nxd3 24. Nxf7+ Rxf7 25. Bxh6 Bxh6 26. Rxd3 1-0

[Event "AUT2o-chT"]
[Site "Eichgraben"]
[Date "2000.10.21"]
[Round "1.13.1"]
[White "Sommerbauer, Norbert"]
[Black "Alvir, Aco"]
[Result "1-0"]
[WhiteElo "2391"]
[BlackElo "2399"]
[PlyCount "57"]
[EventDate "2000.10.21"]

1. Nf3 Nf6 2. c4 g6 3. Nc3 Bg7 4. e4 d6 5. d4 O-O 6. h3 c5 7. d5 e6 8. Bd3 exd5
9. exd5 Re8+ 10. Be3 Nh5 11. O-O f5 12. Bg5 Nf6 13. Qd2 Nbd7 14. Nb5 Bf8 15.
Rfe1 Rxe1+ 16. Rxe1 a6 17. Nc3 Bg7 18. Bf4 Ne8 19. Qe3 Ndf6 20. Ng5 Bd7 21. Ne6
Qb6 22. Re2 Nh5 23. Bh6 Bd4 24. Qf3 Bxe6 25. dxe6 Bxc3 26. bxc3 Qc6 27. Be4 Qa4
28. Bxf5 Neg7 29. Bc2 1-0

[Event "AUT2o-chT"]
[Site "Eichgraben"]
[Date "2000.10.21"]
[Round "1.14.2"]
[White "Dueckstein, Andreas"]
[Black "Lanc, Alois"]
[Result "1/2-1/2"]
[WhiteElo "2313"]
[BlackElo "2392"]
[PlyCount "52"]
[EventDate "2000.10.21"]

1. e4 c5 2. Nf3 Nc6 3. d4 cxd4 4. Nxd4 Nf6 5. Nc3 d6 6. Bg5 e6 7. Qd2 a6 8.
O-O-O h6 9. Bf4 Bd7 10. Bg3 Rc8 11. f3 Nxd4 12. Qxd4 e5 13. Qd2 Be7 14. Kb1 b5
15. Bh4 b4 16. Ne2 a5 17. Bxf6 gxf6 18. Ng3 Qb6 19. Be2 h5 20. f4 h4 21. Nf5
exf4 22. Qxf4 Qc5 23. Rd2 Qe5 24. Qg4 Rc5 25. Qg7 Rf8 26. Nxe7 Kxe7 1/2-1/2

[Event "AUT2o-chT"]
[Site "Eichgraben"]
[Date "2000.10.21"]
[Round "1.15.3"]
[White "Poecksteiner, Johann"]
[Black "Stuhlik, Marko"]
[Result "1/2-1/2"]
[WhiteElo "2217"]
[BlackElo "2237"]
[PlyCount "80"]
[EventDate "2000.10.21"]

1. d4 d6 2. e4 Nf6 3. Nc3 c6 4. a4 Qa5 5. Bd3 e5 6. Nge2 Nbd7 7. O-O Be7 8. Rb1
O-O 9. b4 Qc7 10. Bg5 Re8 11. Qd2 h6 12. Be3 Ng4 13. d5 c5 14. Nb5 Qd8 15. c3
Nxe3 16. Qxe3 a6 17. Na3 Bg5 18. Qf3 cxb4 19. cxb4 Nf6 20. h3 Re7 21. a5 Qe8
22. Nc4 Qd8 23. Nc3 Rb8 24. Be2 Rc7 25. Qd3 Ne8 26. Nb6 g6 27. Rb3 h5 28. Nca4
Bh6 29. Nxc8 Rbxc8 30. Nb6 Rb8 31. g3 Qg5 32. h4 Qd8 33. Kg2 Nf6 34. Rfb1 Nd7
35. Nxd7 Rxd7 36. b5 axb5 37. Rxb5 Ra8 38. Qc3 Rc7 39. Qb4 Bf8 40. Rb6 Rc2
1/2-1/2

[Event "AUT2o-chT"]
[Site "Eichgraben"]
[Date "2000.10.21"]
[Round "1.17.5"]
[White "Steinwender, Peter"]
[Black "Bilek, Thomas"]
[Result "1-0"]
[WhiteElo "2145"]
[BlackElo "2111"]
[PlyCount "53"]
[EventDate "2000.10.21"]

1. e4 e6 2. d4 d5 3. Nd2 c5 4. exd5 exd5 5. Bb5+ Nc6 6. Qe2+ Be6 7. Ngf3 Be7 8.
dxc5 Bxc5 9. Nb3 Bb6 10. Nbd4 Qd6 11. Be3 Ba5+ 12. c3 Nge7 13. O-O O-O 14. Rad1
Bg4 15. h3 Bh5 16. g3 Nxd4 17. Bxd4 Bc7 18. g4 Ng6 19. gxh5 Nh4 20. Rfe1 Qf4
21. Rd3 a6 22. Ba4 b5 23. Bd1 Rae8 24. Re3 Re6 25. Rxe6 fxe6 26. Qxe6+ Kh8 27.
Nxh4 1-0

[Event "AUT2o-chT"]
[Site "Eichgraben"]
[Date "2000.10.21"]
[Round "1.18.6"]
[White "Monschein, Wolfgang"]
[Black "Koller, Hubert"]
[Result "1/2-1/2"]
[WhiteElo "2107"]
[BlackElo "2127"]
[PlyCount "38"]
[EventDate "2000.10.21"]

1. e4 e5 2. Nc3 c6 3. f4 d6 4. Nf3 Nd7 5. Bc4 Be7 6. O-O exf4 7. d4 g5 8. Bxf7+
Kxf7 9. Nxg5+ Bxg5 10. Qh5+ Kg7 11. Bxf4 Bxf4 12. Rxf4 Ngf6 13. Qg5+ Kf7 14.
Raf1 h6 15. Qh4 Kg7 16. e5 dxe5 17. Qg3+ Kh7 18. Qd3+ Kg7 19. Qg3+ Kh7 1/2-1/2

[Event "AUT2o-chT"]
[Site "Eichgraben"]
[Date "2000.10.21"]
[Round "1.19.1"]
[White "Polak, Thomas"]
[Black "Varga, Zoltan"]
[Result "1/2-1/2"]
[WhiteElo "2499"]
[BlackElo "2541"]
[PlyCount "27"]
[EventDate "2000.10.21"]

1. d4 d5 2. c4 c6 3. Nf3 Nf6 4. e3 Bf5 5. Nc3 Qb6 6. Bd3 Bxd3 7. Qxd3 e6 8. O-O
Qa6 9. b3 Nbd7 10. Rd1 Bb4 11. Bb2 O-O 12. a3 dxc4 13. bxc4 Bd6 14. Rac1
1/2-1/2

[Event "AUT2o-chT"]
[Site "Eichgraben"]
[Date "2000.10.21"]
[Round "1.20.2"]
[White "Schweda, Roland"]
[Black "Groetz, Harald"]
[Result "0-1"]
[WhiteElo "2362"]
[BlackElo "2258"]
[PlyCount "140"]
[EventDate "2000.10.21"]

1. d4 Nf6 2. c4 g6 3. Nc3 Bg7 4. e4 d6 5. Be2 O-O 6. Nf3 e5 7. d5 a5 8. Bg5 h6
9. Bh4 Na6 10. Nd2 Qe8 11. a3 Bd7 12. b3 Nh7 13. f3 h5 14. Rb1 Bh6 15. Bf2 Qe7
16. b4 axb4 17. axb4 h4 18. c5 dxc5 19. b5 Nb4 20. Nc4 Na2 21. Qc2 Nxc3 22.
Qxc3 Bg7 23. b6 c6 24. d6 Qg5 25. Rg1 Rfd8 26. Na5 Bc8 27. Bxc5 Nf8 28. Nxc6
bxc6 29. b7 Rb8 30. bxc8=Q Rxb1+ 31. Kf2 Rxg1 32. Qg4 Qxg4 33. fxg4 Rb1 34. Bb4
Rb8 35. Ba5 Ne6 36. d7 Bf6 37. Qxc6 Be7 38. Qc8+ Kg7 39. Bd2 R1b2 40. Bc3 Bc5+
41. Ke1 Rb1+ 42. Kd2 Bd4 43. Bc4 Nd8 44. Kc2 Kf6 45. Qc7 Ke7 46. Bxd4 exd4 47.
e5 R8b6 48. Bd5 R1b5 49. Kd3 Ra6 50. Bc4 Rc6 51. Qa7 Rxe5 52. Kxd4 Rd6+ 53. Kc3
Rxd7 54. Qf2 g5 55. g3 hxg3 56. Qxg3 f6 57. Qh3 Kd6 58. Qh6 Re3+ 59. Kd4 Rf3
60. Bb5 Ne6+ 61. Ke4 Rf4+ 62. Ke3 Rb7 63. Bd3 Rb3 64. Ke2 Nd4+ 65. Ke3 Ke5 66.
Kd2 Rf3 67. Bg6 Rb2+ 68. Kc1 Rg2 69. Bd3 Rxd3 70. Qh7 Nb3+ 0-1

[Event "AUT2o-chT"]
[Site "Eichgraben"]
[Date "2000.10.21"]
[Round "1.21.3"]
[White "Wiedermann, Franz"]
[Black "Stranz, Richard"]
[Result "1/2-1/2"]
[WhiteElo "2169"]
[BlackElo "2254"]
[PlyCount "45"]
[EventDate "2000.10.21"]

1. d4 Nf6 2. Nf3 c5 3. d5 e6 4. c4 b5 5. Bg5 Qa5+ 6. Bd2 Qb6 7. Nc3 b4 8. Na4
Qd6 9. dxe6 dxe6 10. Qc2 Bb7 11. Be3 Qc7 12. h3 Nbd7 13. g3 Be4 14. Qb3 Bc6 15.
Qc2 Be4 16. Qb3 Rb8 17. Bg2 Qa5 18. Nh4 Be7 19. O-O O-O 20. Rfd1 Rfd8 21. Bxe4
Nxe4 22. Bf4 Rbc8 23. Nf3 1/2-1/2

[Event "AUT2o-chT"]
[Site "Eichgraben"]
[Date "2000.10.21"]
[Round "1.22.4"]
[White "Krpelan, Wolfgang"]
[Black "Schirmbeck, Hannes"]
[Result "1/2-1/2"]
[WhiteElo "2169"]
[BlackElo "2159"]
[PlyCount "38"]
[EventDate "2000.10.21"]

1. d4 Nf6 2. Nf3 d5 3. Bf4 c5 4. e3 Nc6 5. c3 e6 6. Nbd2 Be7 7. Bd3 O-O 8. Ne5
Nxe5 9. dxe5 Ne8 10. Qh5 f5 11. Nf3 g6 12. Qh6 Rf7 13. Bg5 Qb6 14. Bxe7 Qxb2
15. O-O Rxe7 16. Qh4 Kf8 17. Qh6+ Kg8 18. Qh4 Kf8 19. Qh6+ Kg8 1/2-1/2

[Event "AUT2o-chT"]
[Site "Eichgraben"]
[Date "2000.10.21"]
[Round "1.25.1"]
[White "Beim, Valeri"]
[Black "Vlcek, Stanislav"]
[Result "1-0"]
[WhiteElo "2528"]
[BlackElo "2326"]
[PlyCount "79"]
[EventDate "2000.10.21"]

1. g3 g6 2. Bg2 Bg7 3. d4 Nf6 4. e4 d6 5. Nc3 O-O 6. Nge2 Na6 7. O-O c5 8. h3
cxd4 9. Nxd4 Qb6 10. Nb3 Bd7 11. Bg5 Bc6 12. Re1 Rfe8 13. Nd5 Bxd5 14. exd5 Nc5
15. Rb1 Nxb3 16. axb3 Qc5 17. Be3 Qc7 18. Ra1 Nd7 19. c3 a6 20. b4 Ne5 21. Bd4
Nd7 22. Re2 Rac8 23. Bxg7 Kxg7 24. Qd4+ Nf6 25. Rae1 Kf8 26. g4 Qc4 27. Qd2 Rc7
28. g5 Nh5 29. Re4 Qb5 30. Bf3 Ng7 31. h4 a5 32. h5 gxh5 33. bxa5 Qxa5 34. Rh4
Qa2 35. Bxh5 Rc4 36. f4 Qa7+ 37. Kg2 Nf5 38. Rh3 Qa5 39. b4 Qa7 40. Bg4 1-0

[Event "AUT2o-chT"]
[Site "Eichgraben"]
[Date "2000.10.21"]
[Round "1.26.2"]
[White "Schneider-Zinner, Harald"]
[Black "Lau, Ralf"]
[Result "1/2-1/2"]
[WhiteElo "2285"]
[BlackElo "2498"]
[PlyCount "37"]
[EventDate "2000.10.21"]

1. d4 g6 2. Nf3 Bg7 3. c4 c5 4. d5 d6 5. Nc3 Nf6 6. e4 O-O 7. h3 e6 8. Bd3 exd5
9. cxd5 a6 10. a4 Nbd7 11. O-O Rb8 12. Bf4 Ne8 13. Re1 Qe7 14. Bf1 h6 15. Qd2
Kh7 16. Rab1 g5 17. Be3 Ne5 18. Nxe5 Bxe5 19. b4 1/2-1/2

[Event "AUT2o-chT"]
[Site "Eichgraben"]
[Date "2000.10.21"]
[Round "1.27.3"]
[White "Wukits, Rene"]
[Black "Bachofner, Andreas"]
[Result "1-0"]
[WhiteElo "2347"]
[BlackElo "2179"]
[PlyCount "123"]
[EventDate "2000.10.21"]

1. d4 e6 2. Nf3 f5 3. g3 Nf6 4. Bg2 d5 5. O-O Bd6 6. b3 Qe7 7. Nbd2 O-O 8. Bb2
Bd7 9. Ne5 Be8 10. c4 c6 11. Qc2 Ne4 12. f3 Nxd2 13. Qxd2 Nd7 14. Nxd7 Qxd7 15.
e4 dxc4 16. bxc4 Rd8 17. Qc3 f4 18. Bh3 fxg3 19. d5 gxh2+ 20. Kh1 Qe7 21. Bxe6+
Kh8 22. Rad1 Bh5 23. e5 Bc5 24. Bh3 Qg5 25. Bg2 Qg3 26. e6 Rf5 27. Qe1 Qxe1 28.
Rfxe1 cxd5 29. e7 Re8 30. cxd5 Rxe7 31. Rxe7 Bxe7 32. d6 Bg5 33. d7 Rf8 34. Rd5
h6 35. f4 Bf7 36. Rf5 Bf6 37. Rxf6 gxf6 38. Bxf6+ Kg8 39. d8=Q Rxd8 40. Bxd8
Bxa2 41. Bxb7 Kf7 42. Kxh2 Bc4 43. Kg3 a6 44. f5 Ke8 45. Ba5 Kf7 46. Kf4 Kf6
47. Bf3 Bf7 48. Bd8+ Kg7 49. Ke5 h5 50. Be2 h4 51. Bxh4 a5 52. Be7 a4 53. Bb5
Bb3 54. Be8 Kg8 55. Kf6 Bc2 56. Kg6 Bb3 57. Ba3 Kh8 58. f6 Bc2+ 59. Kh6 Bb3 60.
Bxa4 Bf7 61. Bc2 Bb3 62. Bh7 1-0

[Event "AUT2o-chT"]
[Site "Eichgraben"]
[Date "2000.10.21"]
[Round "1.28.4"]
[White "Bachofner, Christian"]
[Black "Wallner, Alfred"]
[Result "1-0"]
[WhiteElo "2085"]
[BlackElo "2226"]
[PlyCount "81"]
[EventDate "2000.10.21"]

1. e4 c5 2. Nf3 e6 3. d4 cxd4 4. Nxd4 Nf6 5. Bd3 Nc6 6. Nxc6 bxc6 7. Nd2 e5 8.
Nc4 Be7 9. O-O d6 10. h3 O-O 11. Qe2 Be6 12. b3 Qc7 13. Bb2 Rae8 14. Kh1 g6 15.
g4 h5 16. f3 hxg4 17. hxg4 Kg7 18. Kg2 Rh8 19. Rh1 Nd7 20. f4 f6 21. f5 Bxc4
22. Bxc4 d5 23. exd5 cxd5 24. Bxd5 Nb6 25. Be4 gxf5 26. gxf5 Reg8 27. Rxh8 Rxh8
28. Rh1 Rg8 29. Kf3 Bc5 30. Qd2 Kf8 31. Qh6+ Qg7 32. Qxg7+ Rxg7 33. a4 Ke7 34.
a5 Nc8 35. Bd5 Nd6 36. Rh5 Nb5 37. c4 Nc7 38. Be4 Bb4 39. Rh6 Ne8 40. a6 Nd6
41. Bxe5 1-0

[Event "AUT2o-chT"]
[Site "Eichgraben"]
[Date "2000.10.21"]
[Round "1.29.5"]
[White "Kreindl, Helmut"]
[Black "Steinert, Martin"]
[Result "1/2-1/2"]
[WhiteElo "2179"]
[BlackElo "2132"]
[PlyCount "93"]
[EventDate "2000.10.21"]

1. Nf3 d6 2. d4 g6 3. g3 Bg7 4. Bg2 c6 5. O-O Nf6 6. b3 O-O 7. Bb2 Qa5 8. Nbd2
Qh5 9. Re1 Bh3 10. e4 Nbd7 11. Nh4 Bxg2 12. Kxg2 Qxd1 13. Raxd1 Nb6 14. f4 Nfd7
15. Nhf3 Rfe8 16. c4 c5 17. e5 cxd4 18. exd6 exd6 19. b4 d3 20. Bxg7 Kxg7 21.
Rxe8 Rxe8 22. Re1 Rxe1 23. Nxe1 d5 24. c5 Nc4 25. Nef3 Nf6 26. Kf1 Ne4 27. Nb3
d2 28. Nbxd2 Ncxd2+ 29. Nxd2 Nxd2+ 30. Ke2 Ne4 31. Ke3 Kf6 32. Kd4 Ke6 33. a4
f5 34. b5 Nf6 35. a5 a6 36. c6 Kd6 37. cxb7 Kc7 38. bxa6 Kb8 39. Kc5 Kc7 40.
Kd4 Kb8 41. Kc5 Ka7 42. Kc6 d4 43. Kc7 Ne8+ 44. Kc8 Nd6+ 45. Kc7 Nb5+ 46. Kc8
Nd6+ 47. Kc7 1/2-1/2

[Event "AUT2o-chT"]
[Site "Eichgraben"]
[Date "2000.10.21"]
[Round "1.30.6"]
[White "Hofbauer, Peter"]
[Black "Schwaninger, Wolfgang"]
[Result "0-1"]
[WhiteElo "2052"]
[BlackElo "2108"]
[PlyCount "130"]
[EventDate "2000.10.21"]

1. e4 g6 2. d4 Bg7 3. Be3 c5 4. c3 Qb6 5. Qd2 cxd4 6. cxd4 Nc6 7. Nf3 d5 8.
exd5 Nb4 9. Nc3 Bf5 10. Bb5+ Kf8 11. O-O Nf6 12. Bc4 Rc8 13. Bb3 a5 14. Ne5 Rd8
15. d6 e6 16. a3 Nbd5 17. Bxd5 exd5 18. d7 Bxd7 19. Bg5 Be8 20. b4 axb4 21.
axb4 h6 22. Be3 Ne4 23. Nxe4 dxe4 24. Qc2 Bxe5 25. dxe5 Qc6 26. Qb2 Qe6 27.
Rfd1 Rd7 28. Qc2 Qxe5 29. Ra8 Rxd1+ 30. Qxd1 f6 31. Qd8 Kf7 32. Bd4 Qe6 33. Rb8
Kg7 34. h4 Rg8 35. Rxb7+ Bf7 36. Qa5 Rc8 37. Qa1 Rc6 38. Bc5 Qc8 39. Qa7 Qe6
40. Re7 Qd5 41. Qb8 g5 42. Ra7 gxh4 43. Qf8+ Kg6 44. Ra1 f5 45. Be3 Kh5 46. b5
Rg6 47. Qb8 Re6 48. Qc7 Be8 49. b6 Bc6 50. Rc1 Rg6 51. Kh2 Qg8 52. g3 hxg3+ 53.
fxg3 Qa2+ 54. Kg1 Qd5 55. Qf4 Rg5 56. Qh4+ Kg6 57. Bxg5 hxg5 58. Qh8 e3 59.
Rxc6+ Qxc6 60. Qg8+ Kh5 61. Qh8+ Kg4 62. Qb2 Qf3 63. b7 e2 64. Qd4+ f4 65. Qf2
Qxg3+ 0-1

[Event "AUT2o-chT"]
[Site "Eichgraben"]
[Date "2000.10.21"]
[Round "1.31.1"]
[White "Wallner, Joachim"]
[Black "Balinov, Ilia"]
[Result "1-0"]
[WhiteElo "2272"]
[BlackElo "2453"]
[PlyCount "55"]
[EventDate "2000.10.21"]

1. e4 e6 2. d4 d5 3. Nd2 dxe4 4. Nxe4 Nf6 5. Nxf6+ Qxf6 6. Nf3 h6 7. h4 Nd7 8.
Bd3 c5 9. Be3 a6 10. Qe2 Bd6 11. O-O-O Qe7 12. g4 b5 13. Be4 Ra7 14. g5 Rc7 15.
Rhe1 Nb6 16. dxc5 Bxc5 17. Bf4 Rd7 18. Bc6 Nd5 19. Rxd5 exd5 20. Qd2 O-O 21.
Rxe7 Rxe7 22. b4 Bg4 23. Ne5 hxg5 24. hxg5 Bd6 25. Nxg4 Rd8 26. Bxd6 Rxd6 27.
Bxd5 Red7 28. Ne3 1-0

[Event "AUT2o-chT"]
[Site "Eichgraben"]
[Date "2000.10.21"]
[Round "1.32.2"]
[White "Miniboeck, Guenter"]
[Black "Steiner, Bruno"]
[Result "1-0"]
[WhiteElo "2413"]
[BlackElo "2236"]
[PlyCount "65"]
[EventDate "2000.10.21"]

1. d4 d5 2. c4 e6 3. Nc3 Nf6 4. cxd5 exd5 5. Bg5 Be7 6. e3 c6 7. Qc2 O-O 8. Bd3
Nbd7 9. Nf3 Re8 10. O-O Nf8 11. h3 g6 12. Bh6 Nh5 13. Rab1 Ng7 14. b4 a6 15. a4
Nf5 16. Bf4 Bd6 17. Bxd6 Qxd6 18. b5 axb5 19. axb5 c5 20. dxc5 Qxc5 21. Ne2
Qxc2 22. Bxc2 Be6 23. Ra1 Nd7 24. Nf4 Nd6 25. Nd4 Nc5 26. h4 Kg7 27. Rfc1 Rxa1
28. Rxa1 Rb8 29. Bd1 Bd7 30. Nxd5 Nxb5 31. Nxb5 Bxb5 32. Ra5 Rd8 33. Bf3 1-0

[Event "AUT2o-chT"]
[Site "Eichgraben"]
[Date "2000.10.21"]
[Round "1.33.3"]
[White "Fusi, Christoph"]
[Black "Brandner, Stefan"]
[Result "1-0"]
[WhiteElo "2275"]
[BlackElo "2344"]
[PlyCount "59"]
[EventDate "2000.10.21"]

1. e4 g6 2. d4 Bg7 3. Nc3 Nc6 4. Be3 d5 5. exd5 Nb4 6. a3 Nxd5 7. Nxd5 Qxd5 8.
Nf3 Nh6 9. c4 Qd8 10. Qa4+ Bd7 11. Qb3 Nf5 12. Be2 c5 13. Qxb7 cxd4 14. Bf4 O-O
15. O-O Ba4 16. Bd3 Nd6 17. Qa6 Bb3 18. c5 Ne8 19. Rac1 Bd5 20. Rfe1 Nc7 21.
Qa4 Ne6 22. Bg3 Bh6 23. Rc2 Bxf3 24. gxf3 Ng5 25. Qc6 Qc8 26. Qxc8 Nxf3+ 27.
Kh1 Raxc8 28. Rxe7 Rfe8 29. Rxe8+ Rxe8 30. Re2 1-0

[Event "AUT2o-chT"]
[Site "Eichgraben"]
[Date "2000.10.21"]
[Round "1.34.4"]
[White "Sulyok, Michael"]
[Black "Zetthofer, Gerald"]
[Result "1/2-1/2"]
[WhiteElo "2272"]
[BlackElo "2242"]
[PlyCount "93"]
[EventDate "2000.10.21"]

1. c4 c6 2. g3 d5 3. Bg2 Nf6 4. Nf3 Bf5 5. cxd5 Qxd5 6. O-O Bxb1 7. Rxb1 Qxa2
8. Qc2 Na6 9. d3 Nb4 10. Qc4 Qxc4 11. dxc4 e6 12. Rd1 Bc5 13. Ne5 Ke7 14. Bd2
a5 15. g4 Rhd8 16. Bc3 Rd6 17. Rxd6 Bxd6 18. g5 Ne8 19. b3 f6 20. gxf6+ gxf6
21. Nf3 Bc5 22. Nd2 Nd6 23. Ne4 Nxe4 24. Bxe4 f5 25. Bg2 Nc2 26. Rb2 Nb4 27.
Rb1 Bd6 28. Ra1 Ra6 29. Bf1 c5 30. Bg2 b6 31. Bxb4 cxb4 32. Bc6 Ra7 33. Rd1 Rc7
34. Bb5 e5 35. Rd3 e4 36. Rh3 Kf6 37. Rh6+ Ke5 38. e3 Bc5 39. Kf1 Rf7 40. Be8
Rf6 41. Rxh7 f4 42. Rh5+ Kd6 43. Rd5+ Kc7 44. Rd7+ Kb8 45. Rd8+ Kc7 46. Rd7+
Kc8 47. Rf7 1/2-1/2

[Event "AUT2o-chT"]
[Site "Eichgraben"]
[Date "2000.10.21"]
[Round "1.35.5"]
[White "Knoflicek, Ctibor"]
[Black "Eibersberger, Manfred"]
[Result "0-1"]
[WhiteElo "2156"]
[BlackElo "2158"]
[PlyCount "56"]
[EventDate "2000.10.21"]

1. e4 g6 2. d4 Bg7 3. Nc3 c5 4. Nf3 cxd4 5. Nxd4 Nc6 6. Be3 Nf6 7. Bc4 O-O 8.
Bb3 a5 9. f3 d5 10. exd5 Nb4 11. Nde2 a4 12. Nxa4 Nfxd5 13. Bd2 Bf5 14. a3 Nc6
15. Nac3 Nxc3 16. Bxc3 Qb6 17. Bxg7 Kxg7 18. g4 Rad8 19. Qc1 Be6 20. h4 Ne5 21.
Qf4 Qa5+ 22. Kf1 Bxb3 23. cxb3 Rd3 24. b4 Qd5 25. Nc3 Rxf3+ 26. Kg1 Qe6 27. Qd4
Rd8 28. Qe4 Qb6+ 0-1